Learning Resource and Development

Introduction to graphics communications for engineers / (Record no. 30085)

MARC details
000 -LEADER
fixed length control field 01489nam a2200289 i 4500
003 - CONTROL NUMBER IDENTIFIER
control field CSPC
005 - DATE AND TIME OF LATEST TRANSACTION
control field 20250818162053.0
008 - FIXED-LENGTH DATA ELEMENTS--GENERAL INFORMATION
fixed length control field 250818s2022 nyua 001 0 eng d
020 ## - INTERNATIONAL STANDARD BOOK NUMBER
International Standard Book Number 9781264500154
040 ## - CATALOGING SOURCE
Transcribing agency CSPC
Original cataloging agency CSPC
Language of cataloging eng
Description conventions rda
050 00 - LIBRARY OF CONGRESS CALL NUMBER
Classification number T353
Item number .B452 2022
082 00 - DEWEY DECIMAL CLASSIFICATION NUMBER
Classification number 604.2
Item number B462i
Edition number 23
100 1# - MAIN ENTRY--PERSONAL NAME
Personal name Bertoline, Gary R.,
Relator term author.
245 10 - TITLE STATEMENT
Title Introduction to graphics communications for engineers /
Statement of responsibility, etc. Gary R. Bertoline.
250 ## - EDITION STATEMENT
Edition statement Fifth edition.
264 #1 - PRODUCTION, PUBLICATION, DISTRIBUTION, MANUFACTURE, AND COPYRIGHT NOTICE
Place of production, publication, distribution, manufacture New York, NY :
Name of producer, publisher, distributor, manufacturer McGraw Hill LLC,
Date of production, publication, distribution, manufacture, or copyright notice 2022.
300 ## - PHYSICAL DESCRIPTION
Extent viii, 261 pages :
Other physical details illustrations ;
Dimensions 28 cm.
336 ## - CONTENT TYPE
Source rdacontent
Content type term text
337 ## - MEDIA TYPE
Source rdamedia
Media type term unmediated
338 ## - CARRIER TYPE
Source rdacarrier
Carrier type term volume
500 ## - GENERAL NOTE
General note Includes index.
505 0# - FORMATTED CONTENTS NOTE
Formatted contents note Introduction to graphics communications -- Sketching and text -- Section and auxiliary views -- Dimensioning and tolerancing practices -- Reading and constructing working drawings -- Design and 3-D modeling.
520 ## - SUMMARY, ETC.
Summary, etc. "This workbook is an introduction to the standard practices used by engineers and technologists to communicate graphically. The primary goal of this text is to assist students in learning the techniques and standards of communicating graphically so that design ideas can be clearly communicated and produced"-- Provided by publisher
650 #0 - SUBJECT ADDED ENTRY--TOPICAL TERM
Topical term or geographic name entry element Engineering graphics.
942 ## - ADDED ENTRY ELEMENTS (KOHA)
Source of classification or shelving scheme Dewey Decimal Classification
Suppress in OPAC No
Koha item type Books
Classification part 604.2
Item part B462i
Call number prefix ENG
Call number suffix 2022
Edition 23
Holdings
Withdrawn status Lost status Source of classification or shelving scheme Damaged status Not for loan Home library Current library Shelving location Date acquired Total Checkouts Full call number Barcode Date last seen Copy number Price effective from Koha item type
    Dewey Decimal Classification     Main Library Main Library Engineering Section 08/18/2025   ENG 604.2 B462i 2022 030012 08/18/2025 1-1 08/18/2025 Books